000 00604nam a22001937a 4500
999 _c194837
_d194837
005 20230123110826.0
010 _aUR-11850
020 _a9789383353163
_c600.00
035 _aU-10405
037 _bDBAD/PUB
082 _a844
100 _aقاسمی ، شریف حسین
245 _aحاصل تحقیق /
_cشریف حسین قاسمی
246 _aHasil-E-Tehqeeq /
_bby Sharif Husain Qasemi
260 _aNew Delhi
_bGhalib Academy
_c2022 ء
270 _aBasti Hazrat Nizamuddin
_bNew Delhi
_e110013
300 _a448 ص
_c22cm(Hb)
942 _2ddc
_cUR
_mق ا س
_e
_h844